000 00714cab a2200241 4500
001 WB2648-37
008 090401t1990 xxu||||| |||| 00| 0 eng d
035 _a(Sirsi) u40936
041 _aeng
245 _aSome estate agencies expand
260 _c1990
350 _a0
490 _aSunday Times
_v2/12/90 p4.2
520 _aWhile the Prudential is selling its loss-making estate agency chain, other networks such as the Woolwich , are set to open more branches.
650 _aACQUISITIONS
650 _aGENERAL ACCIDENT
650 _aINSTITUTIONS
650 _aROYAL LIFE
650 _aSALE
690 _aMANAGEMENT-BUSINESS MANAGEMENT-PROFESSIONAL PRACTICE
942 _n0
948 _c04/03/1997
999 _c26253
_d26253